000 01648cam a22001814a 4500
005 20250605163221.0
008 250528s ||||||||||||||||||||||||d
035 _a14678
020 _a9600103372
040 _aGR-AtMCL
_bgre
_dGR-AtMCL
_eAACR2
245 1 _aΚείμενα Εξελικτικής Ψυχολογίας / Κοινωνική Ανάπτυξη: Γ' Τόμος
260 _bGutenberg,
_c1995
300 _a196
520 _aΤα άρθρα που έχουν μεταφραστεί αντιπροσωπεύουν μερικές από τις πιο σημαντικές πτυχές της σύγχρονης έρευνας στην ψυχολογία της ανάπτυξης του παιδιού. Κοινωνική Γνώση και Κοινωνική Συμπεριφορά: Εισαγωγικό Σημείωμα, Μεταβλητές που Επηρεάζουν την Ανάπτυξη της Προσκόλληση, Οι Πρώτες Μορφές της Κοινωνικής Κατανόησης, Σκέψη και Συναίσθημα και Συμπεριφορά στο Πλαίσιο της Ηθικής Ανάπτυξης, Επιθετικά και Κοινωνικά Τηλεοπτικά Προγράμματα και η Συμπεριφορά των Παιδιών της Προσχολικής Ηλικίας, Αρμονικοί Γονείς και τα Προσχολικής Ηλικίας Παιδιά τους, Κοινωνικές Δεξιότητες και Φιλία, Επίκτητη Ανεπάρκεια και Αρνητική Αξιολόγηση.
942 _cBK
999 _c300
_d300